000
00303nam a22001097a 4500
041
_a
ENG
245
_a
Reclamation and Management of Waterlogged Saline Soils ( National Seminar Proceedings April 5 to 8,1994 )
260
_a
Hisar
_b
CCS
_c
1995
300
_a
454
650
_a
IDE ( 05 )
856
_u
IDE ( 05 )
999
_c
1545
_d
1545